Word Ladder: Danish Capital Quiz Stats

 Plays Quiz Updated May 5, 2018

Score 0/14 Timer 01:30
4 Plays Today
Clue 3-Letter Word % Correct
• A policeman •• COP •
99.2%
One of eight on a spiderLEG
97%
• Writing implement that uses ink •• PEN •
96.8%
An embrace between friendsHUG
94.6%
Some pirates have this type of legPEG
94.6%
• An old woman - usually ugly and vicious •• HAG •
94.1%
Pro oppositeCON
94%
Clue 3-Letter Word % Correct
Flaw in a computer programBUG
93%
Fall behindLAG
93%
Affleck or Kenobi, for exampleBEN
92.8%
A shallow baking dishPAN
92.4%
Common unit of pop/soda from a vending machineCAN
91.8%
Grovel for a desired itemBEG
90.6%
• Pre-millennials - ___ X •• GEN •
88.3%

Today's Daily Dose

Missing Word
Sherlocks

Word Ladder
King of the Hill

Quick Pick
Songs in Pink

Get the Picture
NBA Teammates

You're not logged in!

Compare scores with friends on all Sporcle quizzes.
OR
Log In

Sporcle TV

Today on Sporcle TV


Watch our educational content, quiz creation guides, and fun videos on Sporcle TV.

Show Comments

Extras

Top Quizzes Today


Score Distribution

Your Account Isn't Verified!

In order to create a playlist on Sporcle, you need to verify the email address you used during registration. Go to your Sporcle Settings to finish the process.

Report this User

Report this user for behavior that violates our Community Guidelines.

Details: